| 000 | 00550nam a2200145Ia 4500 | ||
|---|---|---|---|
| 008 | 100122s9999 xx 000 0 und d | ||
| 082 |
_b43064 _a39 |
||
| 100 | _aगोखले गो सी | ||
| 245 | _aज्ञानसागरातील शिंपले भाग - 5 | ||
| 260 |
_bयशवंत प्रकाशन _c1978 |
||
| 300 | _a200 | ||
| 630 | _aज्ञानसागरातील शिंपले भाग - 5 | ||
| 730 | _aज्ञानसागरातील शिंपले भाग - 5 | ||
| 942 | _cBOOK | ||
| 999 |
_c423269 _d423266 |
||